Państwa, które wygrały najwięcej Eurowizji - Statystyki

Ogólne statystyki
  • Ten quiz został rozwiązany 12 601 razy
    3 029 od ostatniego zresetowania
  • Średni wynik to 10 z 13
Statystyki odpowiedzi
# Państwo % Poprawnych
7 Szwecja
95%
5 Francja
93%
3 Włochy
91%
5 Wielka Brytania
89%
3 Norwegia
87%
3 Austria
83%
3 Ukraina
83%
5 Holandia
80%
3 Szwajcaria
80%
7 Irlandia
78%
3 Dania
70%
4 Izrael
69%
5 Luksemburg
48%
Nie znaleziono quizów pasujących do podanych kryteriów
Rozkład punktacji
Procent ludzi z każdym wynikiem
Percentyl według liczby udzielonych odpowiedzi
Twoja historia wyników
Nie rozwiązałeś tego quizu od ostatniego zresetowania